Представление документа в формате MARC21

Поле Инд. ПП Название Значение
Тип записи m
Библиографический уровень m
001 Контрольный номер 13e5a61e35fa4517a56a02c5479735d5
005 Дата корректировки 20191204104753.0
008 Кодируемые данные 191125|||||||||ru |||||||||||||||||rus||
040 a Служба первич. каталог. DE
b Код языка каталог. rus
e Правила каталог. PSBO
084 a Индекс другой классификации/Индекс ББК 63.3(2)
090 x Авторский знак М 54
245 10 a Заглавие Методические указания к практическим занятиям по дисциплинам "История", "Отечественная история"
c Ответственность Министерство науки и высшего образования Российской Федерации, Федеральное государственное бюджетное образовательное учреждение высшего образования, "Мурманский государственный технический университет", Кафедра философии и права ; составитель А. К. Порцель
h Физич. носитель Электронный ресурс
b Продолж. заглавия для студентов и курсантов всех направлений и специальностей всех форм обучения
256 a Характеристики компьютерного файла Электрон. текстовые дан. (1 файл : 390 Кб)
260 a Место издания Мурманск
b Издательство МГТУ
c Дата издания 2019
521 0_ a Примеч. о целев. назн. Доступ из локальной сети Мурманского государственного технического университета. - Загл. с титул. экрана
583 x Служебное примечание Полнотекстовые документы
x Служебное примечание Труды преподавателей МГТУ
x Служебное примечание Без печатного варианта
z Открытое примечание Для студентов всех специальностей
653 0_ a Ключевые слова Методические указания
a Ключевые слова История
a Ключевые слова История России
a Ключевые слова Отечественная история
a Ключевые слова Практические занятия
a Ключевые слова Труды преподавателей МГТУ
a Ключевые слова Электронные версии
700 12 a Другие авторы Порцель А. К.
e Роль лиц Составитель
856 40 u URL https://elib.mauniver.ru/2019/M_19_148.pdf
901 t Тип документа m
952 c Вид литературы учебно-методическое издание